000 01230cam a2200289 a 4500
005 19900710142355.3
008 881213s1990 nyuaf b 001 0 eng
010 _aENG-96169
020 _a9780070702486
_c550.00
020 _a0070702489
_c550.00
035 _aEN-79702
037 _bDBAD/PUB
040 _aDPL
_bEng
082 _a621.38173
100 _aGeiger, Randall L.
245 _aVLSI design techniques for analog and digital circuits /
_cby Randall L. Geiger, Phillip E. Allen [and] Noel R. Strader
260 _aNew Delhi
_bTata McGraw-Hill
_c2010
270 _a7, West Patel Nagar,
_bNew Delhi
_e110008
300 _axv, 969 p., [10] p. of plates :
_bill. (some col.)
_c25 cm (pbk)
440 _aMcGraw-Hill series in electrical engineering
500 _aIncludes bibliographical references and index.
650 _aIntegrated circuits
_xVery large scale integration
_xDesign and construction.
700 _aAllen, P. E.
_q(Phillip E.)
700 _aStrader, Noel R.
942 _2ddc
_cEN
_h621.38173
_mGEI
999 _c36314
_d36314